UBT Library

Aging and health promotion / (Record no. 42787)

000 -LEADER
fixed length control field 00611cam a2200229 a 4500
001 - CONTROL NUMBER
control field 1370814
005 - DATE AND TIME OF LATEST TRANSACTION
control field 20180216065808.0
008 - FIXED-LENGTH DATA ELEMENTS--GENERAL INFORMATION
fixed length control field 810817r1982 mdua b 001 0 eng
010 ## - LIBRARY OF CONGRESS CONTROL NUMBER
LC control number 81012734
020 ## - INTERNATIONAL STANDARD BOOK NUMBER
International Standard Book Number 0894433989
040 ## - CATALOGING SOURCE
Original cataloging agency DLC
Transcribing agency DLC
Modifying agency DLC
041 ## - LANGUAGE CODE
Language code of text/sound track or separate title eng
060 ## - NATIONAL LIBRARY OF MEDICINE CALL NUMBER
Classification number WT 100 A264
080 ## - UNIVERSAL DECIMAL CLASSIFICATION NUMBER
Universal Decimal Classification number 362.19897 wel
082 00 - DEWEY DECIMAL CLASSIFICATION NUMBER
Classification number 362.19897 wel
Edition number 19
100 ## - Rafti
Rafti 4
101 ## - Shkurtesa
Shkurtesa shm
245 00 - TITLE STATEMENT
Title Aging and health promotion /
Statement of responsibility, etc [edited by] Thelma Wells.
504 ## - BIBLIOGRAPHY, ETC. NOTE
Bibliography, etc Includes bibliographical references and index.
906 ## - LOCAL DATA ELEMENT F, LDF (RLIN)
a 7
b cbc
c orignew
d 1
e ocip
f 19
g y-gencatlg
942 ## - ADDED ENTRY ELEMENTS (KOHA)
Source of classification or shelving scheme
Item type Books

No items available.

UBT Library © 2015-2024. All rights reserved University Education for Business and Technology